00527nam a22001577a 450000500170000000800410001702000180005804000130007608200180008924501400010726000410024730000110028865000230029965000200032265000270034220211104094647.0211015b ||||| |||| 00| 0 eng d a9783030558321 cPK-LaUMT a004.678bCOG- aCognitive internet of medical things for smart healthcare :bservices and applications /cedited by Aboul Ella Hassanien . . . [et al.] aCham, Switzerland :bSpringer,c2021 a227 p. aInternet of things aCloud computing aBiomedical engineering